| 000 | 00699nam a2200229 u 4500 | ||
|---|---|---|---|
| 005 | 20240925070151.0 | ||
| 008 | 081007s2007 r 000 0 eng d | ||
| 020 | _a9788477025665 | ||
| 035 | _aUPN01000162607 | ||
| 049 | _aCG | ||
| 050 | 4 |
_aPR6005 O4 _bN4.3 |
|
| 100 | 1 |
_aConrad, Joseph, _d1857-1924 |
|
| 245 | 1 | 3 |
_aEl negro del Narcissus / _cJoseph Conrad ; tr. Fernando Jadraque. |
| 260 |
_aMadrid : _bValdemar, _c2007. |
||
| 300 | _a212 p. | ||
| 440 | 0 |
_aGran Diógenes ; _v11 |
|
| 534 |
_pTítulo original: _tThe nigger of the "Narcissus" |
||
| 650 | 4 |
_aNovela inglesa _94471 |
|
| 650 | 4 |
_aAfrodescendientes en la literatura _92314 |
|
| 650 | 4 |
_aVIAJES MARITIMOS _917573 |
|
| 905 | _aLibro | ||
| 999 |
_c134720 _d134720 |
||